<?xml version="1.0" encoding="UTF-8"?><?xml-stylesheet type="text/xsl" href="static/style.xsl"?><OAI-PMH xmlns="http://www.openarchives.org/OAI/2.0/" xmlns:xsi="http://www.w3.org/2001/XMLSchema-instance" xsi:schemaLocation="http://www.openarchives.org/OAI/2.0/ http://www.openarchives.org/OAI/2.0/OAI-PMH.xsd"><responseDate>2026-04-13T04:43:05Z</responseDate><request verb="GetRecord" identifier="oai:www.recercat.cat:2117/167252" metadataPrefix="marc">https://recercat.cat/oai/request</request><GetRecord><record><header><identifier>oai:recercat.cat:2117/167252</identifier><datestamp>2025-07-23T06:00:59Z</datestamp><setSpec>com_2072_1033</setSpec><setSpec>col_2072_452951</setSpec></header><metadata><record xmlns="http://www.loc.gov/MARC21/slim" xmlns:dcterms="http://purl.org/dc/terms/" xmlns:xsi="http://www.w3.org/2001/XMLSchema-instance" xmlns:doc="http://www.lyncode.com/xoai" xsi:schemaLocation="http://www.loc.gov/MARC21/slim http://www.loc.gov/standards/marcxml/schema/MARC21slim.xsd">
   <leader>00925njm 22002777a 4500</leader>
   <datafield ind2=" " ind1=" " tag="042">
      <subfield code="a">dc</subfield>
   </datafield>
   <datafield ind2=" " ind1=" " tag="720">
      <subfield code="a">Bez, Antonin</subfield>
      <subfield code="e">author</subfield>
   </datafield>
   <datafield ind2=" " ind1=" " tag="260">
      <subfield code="c">2019-07-17</subfield>
   </datafield>
   <datafield ind2=" " ind1=" " tag="520">
      <subfield code="a">El trabajo presentado se ha realizado sobre un proyecto de construcción de la empresa Urbaine De Travaux. Este proyecto de construcción se sitúa a Levallois-Perret, cerca de Paris en Francia.&#xd;
A lo largo del proyecto, se ha llevado a cabo el estudio de la implantación de un sistema que permite la gestión y el tratamiento de la información en un ámbito particular: el de la construcción. Este sistema en cuestión se centra en la gestión de un determinado proceso de construcción: la realización de los trabajos modificadores por el comprador (TMA en francés). Se vera más adelante en qué consisten estos trabajos.&#xd;
Para la realización de este trabajo, en primer lugar, se ha estudiado en globalidad el concepto de los TMA y el tipo de información que transite alrededor de este. Luego se han identificado las necesidades y los problemas que existen actualmente con la gestión de estos TMA para motivar el analisis de nuevas alternativas. A continuación se ha desarrollado un análisis de los diferentes requerimientos a implantar en una futura solución para finalmente acabar con un analisis de distintas alternativas y encontrar una solución apropiada a la gestión de los TMA. En ultima lugar se ha estudiado la implantación del sistema y el coste global del trabajo.</subfield>
   </datafield>
   <datafield tag="653" ind2=" " ind1=" ">
      <subfield code="a">Àrees temàtiques de la UPC::Edificació::Gestió d'obres</subfield>
   </datafield>
   <datafield tag="653" ind2=" " ind1=" ">
      <subfield code="a">Construction industry -- Management</subfield>
   </datafield>
   <datafield tag="653" ind2=" " ind1=" ">
      <subfield code="a">TMA (Trabajos por las Modificaciones pedidas por el comprador), Gestión, captación, información, Construcción</subfield>
   </datafield>
   <datafield tag="653" ind2=" " ind1=" ">
      <subfield code="a">Indústria de la construcció -- Direcció i administració</subfield>
   </datafield>
   <datafield ind2="0" ind1="0" tag="245">
      <subfield code="a">Análisis y elaboración de un sistema de gestión y captación de la información por la gestión de las TMA en el ámbito de construcción</subfield>
   </datafield>
</record></metadata></record></GetRecord></OAI-PMH>